000 00876nam a22002415a 4500
003 OSt
005 20161218121157.0
008 161218s2009 ua frb 000 0 ara d
015 _a2001/2407
020 _z9770432
040 _aEG-ScBUE
_bara
_cEG-ScBUE
082 0 4 _a341.446
_bد س و
_222
100 1 _aدسوقي، محمد عبد الرحمن.
245 1 2 _aالنظام القانوني للجزر في القانون الدولي للبحار /
_cمحمد عبد الرحمن الدسوقي.
260 _aالقاهرة :
_bدار النهضة العربية،
_c2009.
300 _a761 ص. ؛
_c24 سم.
504 _aيشتمل على إرجاعات ببليوجرافية.
650 7 _aالجزر (قانون دولي)
_2BUEsh
650 7 _aالقانون الدولي البحري.
651 _2BUEsh
653 _bLLAAWW
_cDecember2016
942 _2ddc
999 _c23611
_d23583